20 Paesi Su Una Mappa Vuota - Statistics

Statistiche generali
  • Questo quiz è stato fatto 59 volte
  • Il punteggio medio è 9 su 20
Risposte nella Mappa
Le risposte nella mappa del quiz sottostante sono codificate secondo una scala di colori dal rosso al verde in base alla % di persone che hanno risposto correttamente.
 
Statistiche sulle risposte
Country % Corretto
Canada
100%
Argentina
89%
Francia
77%
India
62%
Libia
60%
Slovacchia
57%
Nuova Zelanda
55%
Corea Del Nord
53%
Namibia
51%
Honduras
49%
Madagascar
49%
Mozambico
49%
Bhutan
38%
Nigeria
34%
Papua Nuova Guinea
30%
Myanmar
30%
Oman
28%
Kenia
11%
Malaysia
2%
Bielorusia
0%
Nessun quiz corrispondente trovato
Distribuzione punteggi
Percentuale di utenti per punteggio
Percentile per numero di risposta
I tuoi punteggi nel tempo
Non hai fatto questo quiz